| 000 | 00653nam a22001937a 4500 | ||
|---|---|---|---|
| 005 | 2010091407547.0 | ||
| 020 |
_a9780736060349 _c1176.00 |
||
| 037 | _bUBH | ||
| 082 | _a796.962 | ||
| 100 |
_aTwist, Peter _919926 |
||
| 245 |
_aComplete conditioning for hockey / _cby Peter Twist |
||
| 260 |
_aChampaign _bHuman Kinetics _c2007 |
||
| 270 |
_aP.O. Box, 5076, _bChampaign |
||
| 300 |
_axvii, 211p. _bill _c26cm(pbk) |
||
| 500 | _aIncludes index | ||
| 942 |
_2ddc _cEN _h796.962 _mTWI |
||
| 999 |
_c45624 _d45624 |
||